[Event "BL 1011 (Women)"]
[Site "Germany"]
[Date "2011.03.12"]
[Round "10.6"]
[White "Stemmler, Lysan"]
[Black "Oleneva, Svetlana"]
[Result "1-0"]
[WhiteElo "1835"]
[BlackElo "2109"]
[PlyCount "89"]
[EventDate "2010.11.06"]
[EventType "team-tourn"]
[EventRounds "11"]
[EventCountry "GER"]
[SourceTitle "EXT 2012"]
[Source "ChessBase"]
[SourceDate "2011.11.24"]
[SourceVersion "1"]
[SourceVersionDate "2011.11.24"]
[SourceQuality "1"]
[WhiteTeam "Torgelow (W)"]
[BlackTeam "Bad Koenigshofen (W)"]
[WhiteTeamCountry "GER"]
[BlackTeamCountry "GER"]

1. e4 c5 2. c3 d5 3. exd5 Qxd5 4. d4 g6 5. Nf3 Bg7 6. Be2 Nf6 7. 0-0 0-0 8. Be3 cxd4 9. cxd4 Nbd7 10. Nc3 Qa5 11. Qb3 Nb6 12. Rfd1 Be6 13. Qc2 Rac8 14. Qd2 Kh8 15. Ne5 Nfd5 16. Nxd5 Qxd2 17. Bxd2 Nxd5 18. Rac1 Rfd8 19. Ba5 Bh6 20. Ra1 Rd6 21. Bg4 Kg8 22. Bxe6 Rxe6 23. Bd2 Bg7 24. f4 Rc2 25. Rac1 Rxb2 26. Rc8+ Bf8 27. Nd7 Nb6 28. Rxf8+ Kg7 29. Bc3 Nxd7 30. d5+ Kxf8 31. dxe6 fxe6 32. Bxb2 Nb6 33. Rd8+ Kf7 34. Rb8 Nc4 35. Bd4 b6 36. Rb7 Na5 37. Rc7 Ke8 38. Kf2 Kd8 39. Be5 h6 40. Ke2 g5 41. fxg5 hxg5 42. h3 a6 43. Kd3 b5 44. Kc3 Nc4 45. Rxc4 1-0

[Event "BL 1011 (Women)"]
[Site "Germany"]
[Date "2011.01.30"]
[Round "7.5"]
[White "Stemmler, Lysan"]
[Black "Juszczak, Anna"]
[Result "1/2-1/2"]
[WhiteElo "1835"]
[BlackElo "2039"]
[PlyCount "74"]
[EventDate "2010.11.06"]
[EventType "team-tourn"]
[EventRounds "11"]
[EventCountry "GER"]
[SourceTitle "EXT 2012"]
[Source "ChessBase"]
[SourceDate "2011.11.24"]
[SourceVersion "1"]
[SourceVersionDate "2011.11.24"]
[SourceQuality "1"]
[WhiteTeam "Torgelow (W)"]
[BlackTeam "Karlsruhe (W)"]
[WhiteTeamCountry "GER"]
[BlackTeamCountry "GER"]

1. e4 e6 2. d4 d5 3. Nc3 Nf6 4. Bg5 dxe4 5. Nxe4 Be7 6. Nxf6+ Bxf6 7. Bxf6 Qxf6 8. Nf3 0-0 9. Bd3 b6 10. Be4 c6 11. 0-0 Bb7 12. Ne5 Rd8 13. c3 Rd6 14. f4 Qe7 15. Qh5 f5 16. Bc2 c5 17. Rad1 cxd4 18. cxd4 Nd7 19. Bb3 Nf6 20. Qxf5 Be4 21. Qh3 Rad8 22. f5 Nd5 23. fxe6 Rxe6 24. Rf7 Qg5 25. Rf2 Rf6 26. Rxf6 gxf6 27. Nc6 Re8 28. Nb4 Kh8 29. Bxd5 Bxd5 30. Nxd5 Qxd5 31. a3 Re2 32. b4 Qe4 33. Qg3 a5 34. bxa5 bxa5 35. d5 Qc2 36. Qb8+ Kg7 37. Qg3+ Kh8 1/2-1/2

[Event "Mecklenburg VP LL 0910"]
[Site "Mecklenburg VP"]
[Date "2010.03.28"]
[Round "6.6"]
[White "Stemmler, Lysan"]
[Black "Moritz, Hartmut"]
[Result "1-0"]
[WhiteElo "1640"]
[BlackElo "1843"]
[PlyCount "103"]
[EventDate "2009.10.18"]
[EventType "team-tourn"]
[EventRounds "9"]
[EventCountry "GER"]
[SourceTitle "EXT 2016"]
[Source "ChessBase"]
[SourceDate "2015.10.08"]
[SourceVersion "1"]
[SourceVersionDate "2015.10.08"]
[SourceQuality "1"]
[WhiteTeam "Torgelow Droegeheide"]
[BlackTeam "Rostock SSC 07 II"]
[WhiteTeamCountry "GER"]
[BlackTeamCountry "GER"]

1. e4 e6 2. d4 d5 3. Nc3 Bb4 4. e5 c5 5. a3 Bxc3+ 6. bxc3 Ne7 7. Qg4 Nf5 8. Bd3 0-0 9. Bg5 Qa5 10. Ne2 Nd7 11. 0-0 f6 12. Bxf6 Nxf6 13. exf6 Rxf6 14. Bxf5 Rxf5 15. Qg3 Qd8 16. f4 b6 17. Qe3 Qd6 18. Ng3 Rf6 19. Rae1 Ba6 20. Rf2 Raf8 21. Nh5 Rf5 22. g4 R5f7 23. dxc5 bxc5 24. Qxe6 Qxe6 25. Rxe6 Bc8 26. Rd6 Bxg4 27. Rxd5 c4 28. Kg2 g6 29. Ng3 Rxf4 30. Rxf4 Rxf4 31. Rd4 Rxd4 32. cxd4 Kf7 33. c3 Ke6 34. Kf2 Kd5 35. Ke3 Bd1 36. Ne4 h5 37. Nc5 Bc2 38. Kf4 a5 39. h4 a4 40. Kg5 Kd6 41. Kf6 Kd5 42. Nd7 Ke4 43. Ne5 Ke3 44. d5 Kd2 45. d6 Bf5 46. Nxc4+ Kxc3 47. Nb6 Kb3 48. d7 Bxd7 49. Nxd7 Kxa3 50. Nc5 Kb4 51. Nxa4 Kxa4 52. Kxg6 1-0

[Event "Mecklenburg VP LL 0910"]
[Site "Mecklenburg VP"]
[Date "2009.12.13"]
[Round "4.7"]
[White "Gwiazda, Slawomir"]
[Black "Stemmler, Lysan"]
[Result "1/2-1/2"]
[WhiteElo "1865"]
[BlackElo "1640"]
[PlyCount "112"]
[EventDate "2009.10.18"]
[EventType "team-tourn"]
[EventRounds "9"]
[EventCountry "GER"]
[SourceTitle "EXT 2016"]
[Source "ChessBase"]
[SourceDate "2015.10.08"]
[SourceVersion "1"]
[SourceVersionDate "2015.10.08"]
[SourceQuality "1"]
[WhiteTeam "Greifswald II"]
[BlackTeam "Torgelow Droegeheide"]
[WhiteTeamCountry "GER"]
[BlackTeamCountry "GER"]

1. d4 Nf6 2. Bg5 g6 3. Bxf6 exf6 4. g3 Bg7 5. Bg2 0-0 6. e3 d5 7. Ne2 c6 8. 0-0 Be6 9. Nd2 Qd7 10. c4 dxc4 11. Qc2 f5 12. Nxc4 Bxc4 13. Qxc4 Na6 14. b4 Nc7 15. Rac1 Rfd8 16. a4 a6 17. Rfd1 Qe7 18. Nf4 g5 19. Nd3 Nd5 20. Qc5 Qe6 21. Bxd5 Rxd5 22. Qb6 Qe7 23. Rc5 Rc8 24. Rdc1 Rd6 25. b5 axb5 26. axb5 Ra8 27. bxc6 bxc6 28. Rxc6 Rdd8 29. Qc5 Qe4 30. Qc2 h5 31. Ne1 Qg4 32. f3 Qh3 33. Qg2 Qxg2+ 34. Nxg2 Kh7 35. Rc7 Kg8 36. R7c5 f4 37. gxf4 gxf4 38. Nxf4 Ra3 39. Ng2 Bh6 40. R5c3 Ra2 41. Rc8 Rxc8 42. Rxc8+ Kg7 43. e4 Rd2 44. d5 f5 45. Rc7+ Kg8 46. h3 Rd4 47. Re7 Bg5 48. Re6 Kf7 49. Kf2 fxe4 50. fxe4 Rd2+ 51. Kg1 Rd1+ 52. Kh2 Rd2 53. h4 Bf4+ 54. Kg1 Bg3 55. Kf1 Rf2+ 56. Kg1 Rd2 1/2-1/2

[Event "BL 0910 (Women)"]
[Site "Germany"]
[Date "2009.12.06"]
[Round "4.6"]
[White "Schulz, Anja"]
[Black "Stemmler, Lysan"]
[Result "1-0"]
[WhiteElo "1996"]
[BlackElo "1835"]
[PlyCount "61"]
[EventDate "2009.11.07"]
[EventType "team-tourn"]
[EventRounds "11"]
[EventCountry "GER"]
[SourceTitle "CBM 133 Extra"]
[Source "ChessBase"]
[SourceDate "2010.01.05"]
[SourceVersion "1"]
[SourceVersionDate "2010.01.05"]
[SourceQuality "1"]
[WhiteTeam "Rodewisch (W)"]
[BlackTeam "Torgelow (W)"]
[WhiteTeamCountry "GER"]
[BlackTeamCountry "GER"]

1. e4 d6 2. d4 Nf6 3. Nc3 g6 4. Be3 c6 5. h3 Bg7 6. Qd2 b5 7. Bd3 0-0 8. f4 b4 9. Nce2 a5 10. g4 Nbd7 11. Ng3 c5 12. dxc5 Nxc5 13. Nf3 Bb7 14. Bxc5 dxc5 15. 0-0 Qc7 16. Ne5 Rad8 17. Qe2 Nd7 18. Nc4 Bd4+ 19. Kh2 Nb8 20. Rac1 Nc6 21. e5 f6 22. e6 f5 23. gxf5 gxf5 24. Nxf5 Rf6 25. Qg4+ Rg6 26. Nh6+ Kg7 27. Bxg6 hxg6 28. Nf5+ Kf6 29. Rce1 Ne5 30. fxe5+ Bxe5+ 31. Ng3+ 1-0

[Event "GER-chT Lands U20"]
[Site "Dresden"]
[Date "2008.11.16"]
[Round "5.3"]
[White "Marx, Joschka"]
[Black "Stemmler, Lysan"]
[Result "0-1"]
[WhiteElo "1931"]
[BlackElo "1740"]
[PlyCount "114"]
[EventDate "2008.11.14"]
[EventType "team-swiss"]
[EventRounds "7"]
[EventCountry "GER"]
[SourceTitle "EXT 2010"]
[Source "ChessBase"]
[SourceDate "2010.11.25"]
[SourceVersion "1"]
[SourceVersionDate "2010.11.25"]
[SourceQuality "1"]
[WhiteTeam "Schleswig Holstein"]
[BlackTeam "Mecklenburg Vorpommern"]
[WhiteTeamCountry "GER"]
[BlackTeamCountry "GER"]

1. e4 d6 2. Nf3 Nf6 3. d3 g6 4. g3 Bg7 5. Bg2 e5 6. h3 0-0 7. 0-0 c6 8. c3 Nbd7 9. Bg5 h6 10. Bxf6 Nxf6 11. Re1 Re8 12. Nbd2 Qc7 13. d4 Be6 14. Qc2 Nd7 15. dxe5 dxe5 16. Rad1 Rad8 17. Nf1 Nb6 18. b3 Re7 19. Ne3 Red7 20. c4 Rxd1 21. Rxd1 Rxd1+ 22. Qxd1 Qd7 23. Qxd7 Nxd7 24. g4 a5 25. Ne1 Nc5 26. Kf1 Bf8 27. Ke2 Bd6 28. Kd2 Na6 29. N1c2 Nb4 30. a3 Nxc2 31. Nxc2 a4 32. Kc3 axb3 33. Kxb3 Kg7 34. Ne3 Kf6 35. Bf1 Kg5 36. Ng2 h5 37. f3 hxg4 38. hxg4 Bc5 39. Ne1 Bd4 40. Nd3 b5 41. Nb4 Kf4 42. Nxc6 Kxf3 43. Kb4 Bxc4 44. Bxc4 bxc4 45. Kxc4 Kxe4 46. a4 Be3 47. a5 f5 48. gxf5 gxf5 49. Kc3 f4 50. Kc2 f3 51. Kd1 Kd5 52. Ne7+ Kc4 53. Ng6 e4 54. Ne5+ Kb5 55. Ng4 Bc5 56. Nf6 e3 57. Ng4 e2+ 0-1

[Event "BL2 Ost 0809 (Women)"]
[Site "Germany"]
[Date "2008.11.08"]
[Round "1.6"]
[White "Stemmler, Lysan"]
[Black "Bernert, Patricia"]
[Result "1-0"]
[WhiteElo "1863"]
[BlackElo "1425"]
[PlyCount "89"]
[EventDate "2008.11.08"]
[EventType "team-tourn"]
[EventRounds "7"]
[EventCountry "GER"]
[SourceTitle "EXT 2010"]
[Source "ChessBase"]
[SourceDate "2010.11.25"]
[SourceVersion "1"]
[SourceVersionDate "2010.11.25"]
[SourceQuality "1"]
[WhiteTeam "Torgelow (W)"]
[BlackTeam "Ruedersdorf (W)"]
[WhiteTeamCountry "GER"]
[BlackTeamCountry "GER"]

1. e4 c6 2. d4 d5 3. exd5 cxd5 4. c4 Nf6 5. Nc3 dxc4 6. Bxc4 Bf5 7. Nf3 Nbd7 8. 0-0 e6 9. Re1 Be7 10. d5 Nb6 11. Bb5+ Kf8 12. dxe6 Qxd1 13. Rxd1 Bxe6 14. Ng5 Bc4 15. Bxc4 Nxc4 16. b3 Nb6 17. Bb2 Nfd7 18. Nf3 f6 19. Rac1 Kf7 20. Rc2 Rac8 21. Rcd2 Rhd8 22. Nb5 Rc5 23. Nd6+ Bxd6 24. Rxd6 Rc2 25. R6d2 Rxd2 26. Rxd2 Rc8 27. g4 h6 28. a4 Ke8 29. a5 Na8 30. Nd4 Ne5 31. Re2 Kf7 32. Nf5 Rc5 33. Nd6+ Kg6 34. Bxe5 fxe5 35. b4 Rc1+ 36. Kg2 Rb1 37. b5 b6 38. axb6 Nxb6 39. Rxe5 Kf6 40. Re8 Rb2 41. Kg3 g5 42. Re3 Nd5 43. Ra3 Ke6 44. Nf5 Rxb5 45. Nd4+ 1-0

[Event "Mecklenburg VP LL 0708"]
[Site "Mecklenburg VP"]
[Date "2008.03.09"]
[Round "7.6"]
[White "Hasselmann, Dieter"]
[Black "Stemmler, Lysan"]
[Result "1/2-1/2"]
[WhiteElo "2025"]
[BlackElo "1742"]
[PlyCount "132"]
[EventDate "2007.10.21"]
[EventType "team-tourn"]
[EventRounds "9"]
[EventCountry "GER"]
[SourceTitle "EXT 2016"]
[Source "ChessBase"]
[SourceDate "2015.10.08"]
[SourceVersion "1"]
[SourceVersionDate "2015.10.08"]
[SourceQuality "1"]
[WhiteTeam "Schwerin SF"]
[BlackTeam "Torgelow Droegeheide"]
[WhiteTeamCountry "GER"]
[BlackTeamCountry "GER"]

1. e4 d6 2. d4 Nf6 3. Nc3 g6 4. f3 c6 5. Be3 Nbd7 6. Qd2 b5 7. g4 Qa5 8. Nge2 Nb6 9. Ng3 Rb8 10. b3 b4 11. Nd1 Nfd7 12. Be2 c5 13. 0-0 Bg7 14. Nb2 0-0 15. a3 cxd4 16. Bxd4 Bxd4+ 17. Qxd4 bxa3 18. b4 Qe5 19. Qxe5 Nxe5 20. Rxa3 Rb7 21. Rfa1 Rc7 22. c3 Be6 23. Nd1 Ra8 24. h3 Nbc4 25. Ra6 g5 26. Nf5 Nd2 27. Nd4 Bc4 28. Bxc4 Ndxc4 29. Kf2 Nd3+ 30. Kg3 Ncb2 31. Nb5 Rb7 32. Nxb2 Nxb2 33. Rxa7 Raxa7 34. Nxa7 Nd3 35. Ra5 f6 36. Nc6 Rc7 37. b5 Nb2 38. Ra7 Rxa7 39. Nxa7 Nc4 40. Nc8 Kf7 41. f4 h6 42. b6 Na5 43. Na7 Ke6 44. Nb5 Kd7 45. Nd4 e6 46. fxg5 hxg5 47. Kf3 Nb7 48. Ke3 Nc5 49. c4 e5 50. Nf5 Kc6 51. Ne7+ Kb7 52. Nd5 Nd7 53. Kf3 Kc6 54. Kg3 Nxb6 55. Nxf6 Nxc4 56. Nh7 d5 57. exd5+ Kxd5 58. Nxg5 e4 59. h4 Ke5 60. h5 Nd6 61. h6 Kf6 62. Nh3 Kg6 63. g5 Nf5+ 64. Kf4 Nxh6 65. Kxe4 Nf7 66. Kf4 Nxg5 1/2-1/2

[Event "Mecklenburg VP LL 0708"]
[Site "Mecklenburg VP"]
[Date "2007.11.25"]
[Round "3.7"]
[White "Stemmler, Lysan"]
[Black "Menzel, Michael"]
[Result "0-1"]
[WhiteElo "1742"]
[BlackElo "1886"]
[PlyCount "72"]
[EventDate "2007.10.21"]
[EventType "team-tourn"]
[EventRounds "9"]
[EventCountry "GER"]
[SourceTitle "EXT 2016"]
[Source "ChessBase"]
[SourceDate "2015.10.08"]
[SourceVersion "1"]
[SourceVersionDate "2015.10.08"]
[SourceQuality "1"]
[WhiteTeam "Torgelow Droegeheide"]
[BlackTeam "Wismar ASV Gruen-Weiss"]
[WhiteTeamCountry "GER"]
[BlackTeamCountry "GER"]

1. e4 c5 2. Nf3 d6 3. Nc3 Nf6 4. g3 e6 5. Bg2 a6 6. 0-0 Be7 7. d3 0-0 8. Ne1 Nbd7 9. f4 Rb8 10. Nf3 b5 11. h3 Bb7 12. g4 Nb6 13. Ne2 c4 14. Ng3 cxd3 15. cxd3 Rc8 16. Be3 Na4 17. Qd2 Qd7 18. g5 Ne8 19. Rac1 Rxc1 20. Rxc1 Nc7 21. Nh5 Rc8 22. Bd4 Ne8 23. b3 Nc5 24. Nh2 Bd8 25. Ng4 Bb6 26. Qe3 Nxb3 27. Bxb6 Nxc1 28. Bd4 Qc7 29. Nxg7 Nxg7 30. Nf6+ Kf8 31. Nxh7+ Ke8 32. Bxg7 Qc5 33. Bd4 Ne2+ 34. Kh2 Nxd4 35. Nf6+ Kd8 36. e5 Nf3+ 0-1

[Event "GER-chT Lands U20"]
[Site "Verden an der Aller"]
[Date "2007.10.03"]
[Round "7.3"]
[White "Stemmler, Lysan"]
[Black "Kyas, Marcel"]
[Result "0-1"]
[WhiteElo "1832"]
[BlackElo "1952"]
[PlyCount "84"]
[EventDate "2007.09.29"]
[EventType "team-swiss"]
[EventRounds "7"]
[EventCountry "GER"]
[SourceTitle "CBM 120 Extra"]
[Source "ChessBase"]
[SourceDate "2007.11.01"]
[SourceVersion "1"]
[SourceVersionDate "2007.11.01"]
[SourceQuality "1"]
[WhiteTeam "Mecklenburg Vorpommern"]
[BlackTeam "Niedersachsen II"]
[WhiteTeamCountry "GER"]
[BlackTeamCountry "GER"]

1. e4 c5 2. c3 Nf6 3. e5 Nd5 4. d4 cxd4 5. Nf3 e6 6. cxd4 d6 7. Bc4 Nb6 8. Bb3 dxe5 9. Nxe5 Nc6 10. Nxc6 bxc6 11. 0-0 Be7 12. Bf4 0-0 13. Nc3 Nd5 14. Be5 Ba6 15. Re1 Bf6 16. Ne4 Bxe5 17. dxe5 Qh4 18. Nd6 Qg5 19. Qf3 Nf4 20. Rad1 f6 21. Qg3 Ne2+ 22. Rxe2 Qxg3 23. hxg3 Bxe2 24. Bxe6+ Kh8 25. Rc1 Bh5 26. Rxc6 fxe5 27. b4 Bg6 28. f3 h6 29. b5 Rf6 30. Nc4 Be8 31. Rc8 Rxc8 32. Bxc8 Bxb5 33. Nxe5 Kg8 34. Kf2 Kf8 35. Bd7 Ba6 36. f4 g5 37. f5 Rd6 38. g4 Rd2+ 39. Ke3 Rxa2 40. f6 Re2+ 41. Kd4 Bb7 42. Be6 Re4+ 0-1

[Event "Mecklenburg VP LL1 0607"]
[Site "Mecklenburg VP"]
[Date "2007.04.01"]
[Round "8.8"]
[White "Stemmler, Lysan"]
[Black "Luther, Alexander"]
[Result "1-0"]
[WhiteElo "1735"]
[BlackElo "1191"]
[PlyCount "105"]
[EventDate "2006.10.15"]
[EventType "team"]
[EventRounds "9"]
[EventCountry "GER"]
[SourceTitle "EXT 2008"]
[Source "ChessBase"]
[SourceDate "2007.11.25"]
[SourceVersion "1"]
[SourceVersionDate "2007.11.25"]
[SourceQuality "1"]
[WhiteTeam "Torgelow"]
[BlackTeam "Guestrow/Teterow"]
[WhiteTeamCountry "GER"]
[BlackTeamCountry "GER"]

1. e4 e5 2. Nf3 Nf6 3. d4 exd4 4. e5 Ne4 5. Qxd4 d5 6. exd6 Nxd6 7. Bd3 Nc6 8. Qe3+ Be7 9. 0-0 0-0 10. Bd2 Re8 11. Bc3 b5 12. Qd2 a5 13. a3 Bd7 14. b3 Bf6 15. Bxf6 Qxf6 16. Nc3 Ne5 17. Nxe5 Rxe5 18. Rae1 Rae8 19. Rxe5 Rxe5 20. Re1 Qe6 21. Rxe5 Qxe5 22. Ne2 Qa1+ 23. Qc1 Qxc1+ 24. Nxc1 Kf8 25. f4 c6 26. Ne2 Bf5 27. Bxf5 Nxf5 28. Kf2 h5 29. h3 Ke7 30. g4 hxg4 31. hxg4 Nd6 32. Nd4 Kd7 33. Ke3 c5 34. Nf3 Ke6 35. g5 Kd5 36. Ne5 f6 37. gxf6 gxf6 38. Nd7 Ne4 39. c4+ bxc4 40. bxc4+ Kd6 41. Kxe4 f5+ 42. Kxf5 Kxd7 43. Kf6 Kd6 44. f5 Kd7 45. Kg7 Kd6 46. f6 Ke5 47. f7 Kd4 48. f8Q Kxc4 49. Qf4+ Kb3 50. Qe3+ Kc4 51. Kf6 Kb5 52. Qb3+ Kc6 53. Ke6 1-0

[Event "BL 0506 (Women)"]
[Site "Germany"]
[Date "2006.04.09"]
[Round "11.5"]
[White "Stemmler, Lysan"]
[Black "Borriss, Claudia"]
[Result "0-1"]
[WhiteElo "1728"]
[BlackElo "2087"]
[PlyCount "82"]
[EventDate "2005.10.29"]
[EventType "team-tourn"]
[EventRounds "11"]
[EventCountry "GER"]
[SourceTitle "EXT 2007"]
[Source "ChessBase"]
[SourceDate "2006.11.23"]
[SourceVersion "1"]
[SourceVersionDate "2006.11.23"]
[SourceQuality "1"]
[WhiteTeam "Torgelow (W)"]
[BlackTeam "Dresden SC (W)"]
[WhiteTeamCountry "GER"]
[BlackTeamCountry "GER"]

1. e4 c5 2. c3 d5 3. exd5 Qxd5 4. d4 Nf6 5. Nf3 Bg4 6. Be2 cxd4 7. cxd4 e6 8. 0-0 Be7 9. h3 Bh5 10. Nc3 Qa5 11. Qb3 Qb4 12. Bb5+ Nc6 13. Ne5 Rc8 14. Be3 0-0 15. Bxc6 bxc6 16. Qxb4 Bxb4 17. a3 Bxc3 18. bxc3 Rfd8 19. Rab1 Nd5 20. Rb3 f6 21. g4 Bg6 22. Nxg6 hxg6 23. Rfb1 Nb6 24. a4 Rd5 25. Rb4 Ra5 26. c4 Rc7 27. c5 Nd5 28. Rc4 Kf7 29. Bd2 Ra6 30. a5 Rd7 31. Rc2 Nc7 32. Rb7 Ke7 33. Bf4 Nb5 34. Rb8 Rxa5 35. Rd2 g5 36. Bg3 Ra4 37. Rc8 Raxd4 38. Rxd4 Nxd4 39. Bd6+ Kf7 40. Kf1 e5 41. Ke1 Ke6 0-1